000 00466nam a2200181Ia 4500
001 21228
005 20260306172904.0
008 260306t2008||||xx |||||||||||||| ||spa||
041 _aESP
082 _a344.22
_bB34
100 _aBeccaria
_eAUT
245 0 _aTratado de los delitos y de las penas:
_bprocedida de una noticia sobre Beccaria
260 _c2008
300 _a254 páginas :
_c21 cm.
650 _aGEN
654 _aCDE
942 _cLIB
_dJUS
_fJUS
_2ddc
_n
999 _c21228
_d21228